Online Catalogue and eLibrary

Jaffna Under the Portuguese (Record no. 5716)

MARC details
000 -LEADER
fixed length control field 00474nam a2200157Ia 4500
005 - DATE AND TIME OF LATEST TRANSACTION
control field 20250106034229.0
008 - FIXED-LENGTH DATA ELEMENTS--GENERAL INFORMATION
fixed length control field 240331s9999 xx 000 0 und d
020 ## - INTERNATIONAL STANDARD BOOK NUMBER
ISBN 9555520003
082 ## - DDC Classification
Item Number - Author Mark ABE
Class No. 954
100 ## - MAIN ENTRY--PERSONAL NAME
Personal name Abeyasinghe,T
245 #0 - TITLE STATEMENT
Title Jaffna Under the Portuguese
260 ## - PUBLICATION, DISTRIBUTION, ETC.
Place of publication, distribution, etc. Lake House printers & Publishers Ltd
Name of publisher, distributor, etc. Colombo
Date of publication, distribution, etc. 1986
300 ## - PHYSICAL DESCRIPTION
Extent (e.g. Volumes, Pages etc.) 55 p .,
500 ## - GENERAL NOTE
General note Jaffna Under the Portuguese is a study on Portuguesa rule in the Kingdom of Jaffna.
942 ## - Koha item type (Biblio)
Koha item type Books in Stacks (Lending)
Holdings
Lost status Damaged status Collection code Home library Current library Shelving location Date acquired Full call number Accession Number Item type
    Lending WERC Library WERC Library Social Science Cupboard 03/31/2024 954 ABE 6717 Books in Stacks (Lending)

© WERC Library